000 01889nam a2200289Ia 4500
999 _c53372
_d53372
001 20415
003 GE_BSU
005 20201126134321.0
008 181216s2016||||ge |||||||||||||| ||geo||
020 _a9789941084638
040 _cGE_BSU
041 _ageo
080 _a94(479.22:470) ვ-12
100 _aვადაჭკორია, შოთა
_95487
245 _aსაბჭოთა რუსეთთან საქართველოს დამარცხების ზოგიერთი ფაქტორის დაზუსტებისათვის : (1921 წლის თებერვალ-მარტი) /
_cშოთა ვადაჭკორია ; რედ. გელა საითიძე.
264 _aთბილისი :
_bგეორგიკა,
_c2016.
300 _a136 გვ. :
_bრუკები ;
_c 20 სმ.
504 _aბიბლიოგრ. : გვ.123-125
520 _aრეზიუმე ინგლისურ ენაზე
653 _aისტორია
653 _aსაბჭოთა რუსეთთან საქართველოს დამარცხების ზოგიერთი ფაქტორის დაზუსტებისათვის : (1921 წლის თებერვალ-მარტი)
653 _aსაქართველო-რუსეთის ურთიერთობების ისტორია
653 _aსაქართველოს ოკუპაცია რუსეთის მიერ
700 _aსაითიძე, გელა
_eრედაქტორი
_99779
710 _aივ. ჯავახიშვილის სახელობის ისტორიისა და ეთნოლოგიის ინსტიტუტი
_99780
942 _cBK
_2udc